| 000 | 00527nam a2200217 a 4500 | ||
|---|---|---|---|
| 001 | 10876 | ||
| 003 | CO-ViMGA | ||
| 008 | 141112s2004 ck r 000 u spa d | ||
| 020 | _a8477021910 | ||
| 040 |
_aCO-ViMGA _bspa _cCO-ViMGA |
||
| 082 | 0 | 4 | _a843.91 B15m |
| 100 | 1 |
_aBalzac, Honore _914883 |
|
| 245 | 1 | 0 | _aMelmoth reconciliado |
| 250 | _a1 | ||
| 260 |
_aMadrid, _cValdemar |
||
| 300 | _a249 p. | ||
| 490 | _aEl club Diógenes valdemar | ||
| 500 | _aFecha : 1997 | ||
| 650 | 1 | 4 |
_aNOVELA FRANCESA _92629 |
| 942 |
_2ddc _cBK |
||
| 999 |
_c22096 _d22096 |
||